000
00259nam a2200109Ia 4500
008
230907s9999||||xx |||||||||||||| ||und||
082
_a
657
_b
WAR
100
_a
Warren, Carl S.,
_9
115927
245
0
_a
Accounting /
300
_a
xxxi, 1254 pages ;
942
_c
BK
999
_c
600181
_d
600181